000 00535nab#a2200193#c#4500
999 _c19169
_d19169
003 IEF
005 20191205104550.0
008 950704s1976 uuu|| #####0 b| |u
040 _aIEF
_cES-MaIEF
100 1 _aMoreno Cerezo, Félix
_930292
245 _aDictamen sobre la problemática contable de la empresa
_c Félix Moreno Cerezo
260 _c1976
650 4 _aEMPRESAS
_943504
650 4 _aCONTABILIDAD
_940740
773 0 _tHacienda pública española
_w34570
_g39, p. 29-46
942 _2udc
942 _2udc